<?xml version="1.0" encoding="UTF-8"?><?xml-stylesheet type="text/xsl" href="static/style.xsl"?><OAI-PMH xmlns="http://www.openarchives.org/OAI/2.0/" xmlns:xsi="http://www.w3.org/2001/XMLSchema-instance" xsi:schemaLocation="http://www.openarchives.org/OAI/2.0/ http://www.openarchives.org/OAI/2.0/OAI-PMH.xsd"><responseDate>2026-04-17T12:49:52Z</responseDate><request verb="GetRecord" identifier="oai:www.recercat.cat:10230/46579" metadataPrefix="marc">https://recercat.cat/oai/request</request><GetRecord><record><header><identifier>oai:recercat.cat:10230/46579</identifier><datestamp>2026-02-14T19:03:58Z</datestamp><setSpec>com_2072_6</setSpec><setSpec>col_2072_452952</setSpec></header><metadata><record xmlns="http://www.loc.gov/MARC21/slim" xmlns:dcterms="http://purl.org/dc/terms/" xmlns:xsi="http://www.w3.org/2001/XMLSchema-instance" xmlns:doc="http://www.lyncode.com/xoai" xsi:schemaLocation="http://www.loc.gov/MARC21/slim http://www.loc.gov/standards/marcxml/schema/MARC21slim.xsd">
   <leader>00925njm 22002777a 4500</leader>
   <datafield ind2=" " ind1=" " tag="042">
      <subfield code="a">dc</subfield>
   </datafield>
   <datafield ind2=" " ind1=" " tag="720">
      <subfield code="a">Ugarte Corbalán, Laura de, 1988-</subfield>
      <subfield code="e">author</subfield>
   </datafield>
   <datafield ind2=" " ind1=" " tag="720">
      <subfield code="a">Balcells, Susana</subfield>
      <subfield code="e">author</subfield>
   </datafield>
   <datafield ind2=" " ind1=" " tag="720">
      <subfield code="a">Güerri Fernández, Roberto</subfield>
      <subfield code="e">author</subfield>
   </datafield>
   <datafield ind2=" " ind1=" " tag="720">
      <subfield code="a">Grinberg, Daniel</subfield>
      <subfield code="e">author</subfield>
   </datafield>
   <datafield ind2=" " ind1=" " tag="720">
      <subfield code="a">Díez Pérez, Adolfo</subfield>
      <subfield code="e">author</subfield>
   </datafield>
   <datafield ind2=" " ind1=" " tag="720">
      <subfield code="a">Nogués Solán, Xavier</subfield>
      <subfield code="e">author</subfield>
   </datafield>
   <datafield ind2=" " ind1=" " tag="720">
      <subfield code="a">Garcia Giralt, Natàlia</subfield>
      <subfield code="e">author</subfield>
   </datafield>
   <datafield ind2=" " ind1=" " tag="260">
      <subfield code="c">2021-02-24T07:42:26Z</subfield>
   </datafield>
   <datafield ind2=" " ind1=" " tag="260">
      <subfield code="c">2021-02-24T07:42:26Z</subfield>
   </datafield>
   <datafield ind2=" " ind1=" " tag="260">
      <subfield code="c">2020</subfield>
   </datafield>
   <datafield ind2=" " ind1=" " tag="520">
      <subfield code="a">The miR-320a regulates a number of genes involved in various physiological processes.&#xd;
In particular, it has been reported as a tumor suppressor in several types of human cancers and&#xd;
involved in osteoporotic fracture and osteoblast function. Hence, the role of miR-320a has been&#xd;
evaluated in tumor cells and in primary cells in a separated context, but its effect has never been&#xd;
explored in a comparative manner. The present study aims to evaluate the cellular effects of miR-320a&#xd;
on human osteosarcoma cell lines (MG-63 and U2OS) compared to that on primary human osteoblasts&#xd;
(hOBs). miR-320a was either overexpressed or inhibited in all cell lines, and cell proliferation and&#xd;
viability were analyzed. Additionally, the effects of miR-320a on matrix mineralization, alkaline&#xd;
phosphatase activity, and oxidative stress were also evaluated in order to assess osteoblast functionality.&#xd;
In osteosarcoma cells, miR-320a overexpression reduced cell viability and proliferation, while in hOB&#xd;
cell viability was not affected and proliferation even was increased. The overexpression of miR-320a in&#xd;
both osteosarcoma cells and hOBs reduced the mineralization capacity. Finally, an increased oxidative&#xd;
stress was detected in all cells after miR-320a overexpression mainly in osteosarcoma. In conclusion,&#xd;
the overexpression of miR-320a increased stress oxidation levels, which could be involved in the&#xd;
reduced osteoblast performance, even though the cell viability was only affected in osteosarcoma cells.</subfield>
   </datafield>
   <datafield ind2=" " ind1=" " tag="520">
      <subfield code="a">This research was supported by the CIBER on Frailty and Healthy Ageing (CIBERFES; grant number: CB16/10/00245), the CIBERER (grant number: U720), FEDER funds, and grants from the Science and Innovation Ministry (ISCIII; grant numbers: PI16/01860 and PI13/00116; SAF2016-75948-R). L.D.-U. was granted with a PFIS predoctoral fellowship from the ISCIII.</subfield>
   </datafield>
   <datafield tag="653" ind2=" " ind1=" ">
      <subfield code="a">Osteosarcoma</subfield>
   </datafield>
   <datafield tag="653" ind2=" " ind1=" ">
      <subfield code="a">MG-63</subfield>
   </datafield>
   <datafield tag="653" ind2=" " ind1=" ">
      <subfield code="a">U2OS</subfield>
   </datafield>
   <datafield tag="653" ind2=" " ind1=" ">
      <subfield code="a">Primary osteoblasts</subfield>
   </datafield>
   <datafield tag="653" ind2=" " ind1=" ">
      <subfield code="a">miR-320a</subfield>
   </datafield>
   <datafield ind2="0" ind1="0" tag="245">
      <subfield code="a">Effect of the tumor suppressor miR-320a on viability and functionality of human osteosarcoma cell Llnes compared to primary osteoblasts</subfield>
   </datafield>
</record></metadata></record></GetRecord></OAI-PMH>